000
00289nam a22001337a 4500
008
170525b xxu||||| |||| 00| 0 eng d
020
_a
0444426698
041
_a
eng
080
_a
624
100
_a
26
101
_a
IM
245
_a
FLEXIBLE MANUFACTURING
_c
BOLWIJN,P.T
942
_2
udc
_c
BK
999
_c
14273
_d
14273